000 00350nam a22001457a 4500
003 OSt
005 20160727222459.0
008 160705b xxu||||| |||| 00| 0 eng d
040 _cTEST
100 _92249
_a Munjal, M
245 _aThe Rainbow Slide
260 _aN.D
_b Children Books Trust
_c2003
300 _aThe Rainbow Slide
942 _2ddc
_cBK
999 _c1936
_d1936